| 000 | 01252nam a2200301Ia 4500 | ||
|---|---|---|---|
| 001 | Z_2387 | ||
| 008 | 220601s9999 xx 000 0 und d | ||
| 020 | _a978-607-12-0418-9 | ||
| 082 | _a630 C63 | ||
| 100 |
_aCochet, Hubert _9128323 |
||
| 245 | _aAgricultura comparada / Hubert Cochet ; traducción Jenny María del Pilar Enríquez Domínguez, Artemio Cruz León y Conrado Márquez Rosano; portada Jaime Peralta Benitez ; fotografia de portada Hubert Cochet | ||
| 260 | _aChapingo, Edo. México : UACh. Dirección de Centros Regionales Universitarios; Ediciones Quae | ||
| 300 | _a208 p. | ||
| 500 | _aTraducción de la obra en francés: L´agriculture comparée | ||
| 503 | _aeje.1: donación 2016 | ||
| 504 | _aBibliografía: p. 193 - 208 | ||
| 650 | _a1. Agricultura | ||
| 650 | _aAgricultura comparada | ||
| 650 | _aGestión agrícola | ||
| 650 |
_aEconomía agrícola _9147023 |
||
| 650 | _aEstructura agrícola | ||
| 700 |
_aEnríquez Domínguez, Jenny María del Pilar, tr. \ Márquez Rosano, Conrado, tr. \ Peralta Benitez, Jaime, portada \ Cochet, Hubert, fot.Ì _9179409 |
||
| 901 | _a630 C63 | ||
| 902 | _aM | ||
| 905 | _a5232272016 mx ad 8222223322spa16 | ||
| 942 | _c1 | ||
| 999 |
_c216865 _d216865 |
||